An Introduction to Financial Accounting (Record no. 6353)

MARC details
000 -LEADER
fixed length control field 00570nam a22002057a 4500
003 - CONTROL NUMBER IDENTIFIER
control field OSt
005 - DATE AND TIME OF LATEST TRANSACTION
control field 20191021134307.0
008 - FIXED-LENGTH DATA ELEMENTS--GENERAL INFORMATION
fixed length control field 191021b ||||| |||| 00| 0 eng d
020 ## - INTERNATIONAL STANDARD BOOK NUMBER
International Standard Book Number 9789080635616
020 ## - INTERNATIONAL STANDARD BOOK NUMBER
International Standard Book Number 9080635618
040 ## - CATALOGING SOURCE
Transcribing agency DDC
082 ## - DEWEY DECIMAL CLASSIFICATION NUMBER
Classification number 567 LOT 2001
100 ## - MAIN ENTRY--PERSONAL NAME
Personal name Lothian, Niall; Small, John
9 (RLIN) 12992
245 ## - TITLE STATEMENT
Title An Introduction to Financial Accounting
260 ## - PUBLICATION, DISTRIBUTION, ETC. (IMPRINT)
Place of publication, distribution, etc. Netherlands;
Name of publisher, distributor, etc. TMC Asser Press,
Date of publication, distribution, etc. 2001
300 ## - PHYSICAL DESCRIPTION
Extent =456p;
Other physical details ill:
Dimensions 23cm
504 ## - BIBLIOGRAPHY, ETC. NOTE
Bibliography, etc Appendices, & index included
650 ## - SUBJECT ADDED ENTRY--TOPICAL TERM
Topical term or geographic name as entry element Financial accounting
9 (RLIN) 5655
942 ## - ADDED ENTRY ELEMENTS (KOHA)
Source of classification or shelving scheme Dewey Decimal Classification
Koha item type Open Shelf
Holdings
Withdrawn status Lost status Source of classification or shelving scheme Damaged status Not for loan Home library Current library Date acquired Source of acquisition Inventory number Total Checkouts Full call number Barcode Date last seen Date last checked out Koha item type
    Dewey Decimal Classification     MUST Main Library MUST Main Library 21/10/2019 Donation 03/20441 2 567 LOT 2001 2019-0553 09/03/2020 21/02/2020 Open Shelf